| 000 | 01048nam a2200265 a 4500 | ||
|---|---|---|---|
| 001 | BRCA_4465 | ||
| 005 | 20190320204659.0 | ||
| 008 | 060910s1907----enka######---#000-0#eng-# | ||
| 041 | _aeng | ||
| 044 | _aenk | ||
| 050 | 4 |
_aDP17 _b.C35 6 _c1907 |
|
| 100 | 1 |
_aCalvert, Albert F. _d1872-1946 _911318 |
|
| 245 | 1 | 0 |
_aMurillo _bA biography and appreciation _cBy Albert F. Calvert. |
| 260 |
_aLondres: Nueva York _bJohn Lane, The Bodley Head _c1907 |
||
| 300 |
_axiii, 186 p. _bil., 165 láminas _c20 cm. |
||
| 440 | 0 |
_aThe spanish series _v6 _911319 |
|
| 500 | _aIncluye índice de ilustraciones | ||
| 500 | _aIncluye cronología de eventos en la vida de Bartolomé Esteban Murillo y la lista de trabajos de Murillo con una corta descripción de las pinturas y una indicación de donde las obras originales son conservadas | ||
| 500 | _aCon ex-libris de Setterfield | ||
| 500 | _aLámina suelta al principio | ||
| 500 | _aCEO14 | ||
| 600 | 1 | 4 |
_aMurillo, Bartolomé Esteban _d1617-1682 _xPintores españoles _911320 |
| 902 | _aGFM | ||
| 942 |
_2lcc _cB |
||
| 999 |
_c4171 _d4171 |
||